| 000 | 01331nam0a2200337 4500 | ||
|---|---|---|---|
| 001 | RU\NLR\bibl\1002744 | ||
| 005 | 20250614225024.0 | ||
| 010 |
_a5-241-00745-8 _95000 |
||
| 021 |
_aRU _b2006-59306 _92943 |
||
| 035 | _a(NLR Aleph) 000990443 | ||
| 090 |
_a515475 _c515475 |
||
| 100 | _a20061101d2006 |||y0rusy50 ca | ||
| 101 | 0 | _arus | |
| 102 | _aRU | ||
| 105 | _ay ||||||||| | ||
| 200 | 1 |
_aИстория мировой художественной культуры _e100 экзаменационных ответов _eучебное пособие _fД. В. Грожан |
|
| 210 |
_aМосква _aРостов-на-Дону _cМарТ _d2006 |
||
| 215 |
_a207 с. _d21 |
||
| 225 | 1 | _aЭкспресс-справочник для студентов вузов | |
| 300 | _aНа обл. авт. не указан | ||
| 320 | _aБиблиогр.: с. 202-203 (36 назв.) | ||
| 606 | 1 |
_aКультура _jУчебные издания для высших учебных заведений _xИстория _91112720 _3RU\NLR\auth\66120041 |
|
| 686 | _aТ3(0)0-7я73 | ||
| 700 | 1 |
_aГрожан _bД. В. _gДиана Владимировна _4070 |
|
| 801 | 0 |
_aRU _bNLR _c20061101 _grcr |
|
| 801 | 1 |
_aRU _bNLR _c20061101 |
|
| 830 | _aавт. по кн. | ||
| 942 | _cBOOK | ||
| 980 | _aNB | ||